Oscar for Best Live Action Short Film - Statistics

General Stats
  • This quiz has been taken 3 times
  • The average score is 5 of 114
Answer Stats
Year Director Live Action Short Film % Correct
2010 Luke Matheny God of Love
67%
2005 Martin McDonagh Six Shooter
67%
1998 Anders Thomas Jensen Election Night
33%
1994 Peter Capaldi Franz Kafka's It's a Wonderful Life
33%
2013 Anders Walter Helium
33%
2016 Kristof Deak Sing
33%
2015 Benjamin Cleary Stutterer
33%
2001 Ray McKinnon The Accountant
33%
1931 James Parrott The Music Box
33%
2011 Terry George The Shore
33%
Peggy Rajski Trevor
33%
2004 Andrea Arnold Wasp
33%
LeRoy Prinz A Boy and His Dog
0%
1943 Jack Eaton Amphibious Fighters
0%
1975 Bert Salzman Angel and Big Joe
0%
1963 Robert Enrico An Occurrence at Owl Creek Bridge
0%
1967 Christopher Chapman A Place to Stand
0%
1949 Jack Eaton Aquatic House Party
0%
1982 James Scott A Shocking Accident
0%
Denis Sanders A Time Out of War
0%
James Algar Bear Country
0%
Lewis Seiler Beyond the Line of Duty
0%
1993 Pepe Danquart Black Rider (Schwarzfahrer)
0%
1979 Ron Ellis Board and Care
0%
Gordon Douglas Bored of Education
0%
1983 Don McBrearty Boys and Girls
0%
1939 John A. Haeseler Busy Little Bears
0%
1964 Larry Sturhahn Casals Conducts: 1964
0%
Horace & Stacey Woodard City of Wax
0%
Irving Allen Climbing the Matterhorn
0%
1956 Konstantin Kalser Crashing the Water Barrier
0%
2012 Shawn Christensen Curfew
0%
1960 Robert P. Davis Day of the Painter
0%
1996 David Frankel Dear Diary
0%
Crane Wilbur Declaration of Independence
0%
1946 Edwin E. Olsen Facing Your Danger
0%
1936 B. Reeves Eason Give Me Liberty
0%
1947 Edward Cahn Goodbye, Miss Turlock
0%
1950 Andre de la Varre Grandad of Races
0%
1958 James Algar Grand Canyon
0%
Josef Berne Heavenly Music
0%
1962 Pierre Etaix Heureux Anniversaire
0%
1935 Nick Grinde How to Sleep
0%
1977 Beverly Shaffer I'll Find a Way
0%
James Algar In Beaver Valley
0%
1976 Peter Werner In the Region of Ice
0%
Crane Wilbur I Won't Play
0%
Joe Rock and E.W. Hammons Krakatoa
0%
1934 Lloyd Corrigan La Cucaracha
0%
2007 Philippe Pollet-Villard Le Mozart des Pickpockets
0%
1995 Christine Lahti Lieberman in Love
0%
1952 Jean Oser Light in the Window
0%
Edward Cahn Main Street on the March!
0%
1985 Jeffrey D. Brown Molly's Pilgrim
0%
1999 Barbara Schock My Mother Dreams the Satan's Disciples in New York
0%
James Algar Nature's Half Acre
0%
1972 Robert Deubel Norman Rockwell's World... An American Dream
0%
1941 George Sidney Of Pups and Puzzles
0%
1992 Sam Karmann Omnibus
0%
1974 Michel Leroy and Edmond Sechan One-Eyed Men Are Kings
0%
1937 David Miller Penny Wisdom
0%
1986 Chuck Workman Precious Images
0%
1940 George Sidney Quicker'n a Wink
0%
2000 Florian Gallenberger Quiero Ser / I Want to Be ...
0%
1987 Bryan Gordon Ray's Male Heterosexual Dance Hall
0%
1968 Charles Guggenheim Robert Kennedy Remembered
0%
James Algar Seal Island
0%
1961 Hilary Harris Seawards the Great Ships
0%
1971 Robert Amram Sentinels of Silence
0%
1991 Seth Winston Session Man
0%
Michael Curtiz Sons of Liberty
0%
1933 Mark Sandrich So This is Harris!
0%
1942 Robert Carlisle and Jerry Fairbanks Speaking of Animals and Their Families
0%
2008 Jochen Alexander Freydank Spielzeugland (Toyland)
0%
1945 Sammy Lee Stairway to Light
0%
Don Siegel Star in the Night
0%
1955 Anthony Muto Survival City
0%
1948 Arne Sucksdorff Symphony of a City
0%
Ray Enright Teddy, the Rough Rider
0%
1978 Taylor Hackford Teenage Father
0%
1938 Fred Zinnemann That Mothers Might Live
0%
1988 Dean Parisot The Appointments of Dennis Jennings
0%
Jack Clayton The Bespoke Overcoat
0%
1973 Allan Miller and William Fertik The Bolero
0%
1965 Claude Berri The Chicken
0%
1980 Roger Christian The Dollar Bottom
0%
Edward Freed The Face of Lincoln
0%
1959 Edmond Sechan The Golden Fish
0%
1990 Adam Davidson The Lunch Date
0%
1969 Bob Curtis The Magic Machines
0%
1953 Johnny Green The Merry Wives of Windsor Overture
0%
2009 Joachim Back The New Tenants
0%
2014 Mat Kirby The Phone Call
0%
Julian Huxley The Private Life of the Gannets
0%
Errol Taggart The Public Pays
0%
1970 James Rokos The Resurrection of Broncho Billy
0%
2017 Chris Overton and Rachel Shenton The Silent Child
0%
1957 Janet & Larry Lansburgh The Wetback Hound
0%
2002 Martin Strange-Hansen This Charming Man
0%
1954 Robert Youngson This Mechanical Age
0%
Harold S. Bucquet Torture Money
0%
2003 Aaron Schneider Two Soldiers
0%
1984 Mike Hoover and Tim Huntley Up
0%
Alain Resnais Van Gogh
0%
1981 Shelley Levinson Violet
0%
1997 Chris Tashima Visas and Virtue
0%
Ben Sharpsteen Water Birds
0%
2006 Ari Sandel West Bank Story
0%
1944 Leslie M. Roush Who's Who in Animal Land
0%
1966 Patrick Carey and John Taylor Wild Wings
0%
Geoffrey Barkas and Ivor Montagu Wings Over Everest
0%
1989 James Hendrie Work Experience
0%
1951 Robert Youngson World of Kids
0%
Mack Sennett Wrestling Swordfish
0%
No matching quizzes found
Score Distribution
Percent of People with Each Score
Percentile by Number Answered
Your Score History
You have not taken this quiz